| 000 | 00532nam a2200181 i 4500 | ||
|---|---|---|---|
| 001 | bg | ||
| 245 | 0 | _aMechanizm dejstvija insektidov i akaricidov. | |
| 260 |
_aWarszawa : _bPWN, _c1989. |
||
| 300 |
_a172 s. ; _c24 cm. |
||
| 490 | 1 |
_aZeszyty Problemowe Postępów Nauk Rolniczych, _x0084-5477 ; _vz.367 |
|
| 830 |
_aZeszyty Problemowe Postępów Nauk Rolniczych, _x0084-5477 ; |
||
| 020 | _a8301087811 | ||
| 040 | _cBPK | ||
| 041 | _apol | ||
| 920 | _a83-01-08781-1 | ||
| 942 | _cKS | ||
| 008 | s pl f |000 0 pol | ||
| 999 |
_c28970 _d28970 |
||
| 856 |
_uhttp://koha.tu.koszalin.pl/cgi-bin/koha/opac-detail.pl?biblionumber=28970 _yKatalog online BPK |
||